000 00300nam a2200121Ia 4500
008 190216s9999||||xx |||||||||||||| ||und||
100 _aSatya Prakash
245 0 _aStatistical Mechanics And Solid State Physics
260 _bPragathi Prakashan
300 _a287
650 _aPhysics
942 _cBK
999 _c34171
_d34171